<?xml version="1.0" encoding="UTF-8"?>
<collection xmlns="http://www.loc.gov/MARC21/slim">
 <record>
  <leader>01936nam a22002057a 4500</leader>
  <controlfield tag="001">NCT_56711</controlfield>
  <controlfield tag="008">190108b        xxu||||| |||| 00| 0 vie d</controlfield>
  <datafield tag="999" ind1=" " ind2=" ">
   <subfield code="c">2739</subfield>
   <subfield code="d">2739</subfield>
  </datafield>
  <datafield tag="020" ind1=" " ind2=" ">
   <subfield code="a">9786045955864</subfield>
   <subfield code="c">395000</subfield>
  </datafield>
  <datafield tag="082" ind1="0" ind2="4">
   <subfield code="2">23rd ed.</subfield>
   <subfield code="a">345.59701</subfield>
   <subfield code="b">Đ307</subfield>
  </datafield>
  <datafield tag="100" ind1="1" ind2=" ">
   <subfield code="a">Nguyễn Ngọc Điệp</subfield>
   <subfield code="e">Hệ thống</subfield>
  </datafield>
  <datafield tag="245" ind1="1" ind2="0">
   <subfield code="a">Phương pháp nghiên cứu và đánh giá chứng cứ trong tố tụng hình sự và các văn bản hướng dẫn thi hành Bộ luật tố tụng hình sự mới nhất năm 2018 :</subfield>
   <subfield code="b">Dành cho thẩm phán, thẩm tra viên, kiểm soát viên, luật sư và các học viên tư pháp</subfield>
   <subfield code="c">Nguyễn Ngọc Điệp (hệ thống)</subfield>
  </datafield>
  <datafield tag="260" ind1=" " ind2=" ">
   <subfield code="a">H.</subfield>
   <subfield code="b">Lao động</subfield>
   <subfield code="c">2018</subfield>
  </datafield>
  <datafield tag="300" ind1=" " ind2=" ">
   <subfield code="a">415 tr.</subfield>
   <subfield code="c">28CM</subfield>
  </datafield>
  <datafield tag="520" ind1="3" ind2=" ">
   <subfield code="a">Trong tố tụng hình sự thì hoạt động nghiên cứu, đánh giá chứng cứ có vai trò rất quan trọng, đây là những hoạt động trọng tâm của tố tụng hình sự. Bởi lẽ tất cả các hoạt động tố tụng hình sự ở giai đoạn điều tra, truy tố, xét xử xét cho cùng đều phải đi đến kết luận về giá trị chứng minh của chứng cứ, trên cơ sở đó mới có thể chứng minh một tội phạm nào đó đã được thực hiện và ai là người đã thực hiện tội phạm đó. </subfield>
  </datafield>
  <datafield tag="653" ind1=" " ind2=" ">
   <subfield code="a">Luật học</subfield>
  </datafield>
  <datafield tag="942" ind1=" " ind2=" ">
   <subfield code="2">ddc</subfield>
   <subfield code="c">BK</subfield>
  </datafield>
  <datafield tag="952" ind1=" " ind2=" ">
   <subfield code="0">0</subfield>
   <subfield code="1">0</subfield>
   <subfield code="2">ddc</subfield>
   <subfield code="4">0</subfield>
   <subfield code="6">345_597010000000000_Đ307</subfield>
   <subfield code="7">0</subfield>
   <subfield code="9">15106</subfield>
   <subfield code="a">000001</subfield>
   <subfield code="b">000001</subfield>
   <subfield code="d">2019-01-08</subfield>
   <subfield code="l">1</subfield>
   <subfield code="o">345.59701 Đ307</subfield>
   <subfield code="p">MD.13759</subfield>
   <subfield code="r">2019-10-09</subfield>
   <subfield code="s">2019-09-24</subfield>
   <subfield code="v">395000.00</subfield>
   <subfield code="w">2019-01-08</subfield>
   <subfield code="y">BK</subfield>
  </datafield>
  <datafield tag="952" ind1=" " ind2=" ">
   <subfield code="0">0</subfield>
   <subfield code="1">0</subfield>
   <subfield code="2">ddc</subfield>
   <subfield code="4">0</subfield>
   <subfield code="6">345_597010000000000_Đ307</subfield>
   <subfield code="7">0</subfield>
   <subfield code="9">15107</subfield>
   <subfield code="a">000001</subfield>
   <subfield code="b">000001</subfield>
   <subfield code="d">2019-01-08</subfield>
   <subfield code="o">345.59701 Đ307</subfield>
   <subfield code="p">MD.13760</subfield>
   <subfield code="r">2019-01-08</subfield>
   <subfield code="v">395000.00</subfield>
   <subfield code="w">2019-01-08</subfield>
   <subfield code="y">BK</subfield>
  </datafield>
  <datafield tag="980" ind1=" " ind2=" ">
   <subfield code="a">Thư viện Trường Đại học Nam Cần Thơ</subfield>
  </datafield>
 </record>
</collection>
